Pays par armoiries 2 - Statistiques

Statistiques générales
  • Ce quiz a été pris 388 fois
  • Le résultat moyen est 10 sur 15
Statistiques - réponses
Par images Réponse % Correct
Égypte
93%
Mexique
90%
Australie
89%
Argentine
83%
Vatican
79%
Royaume-Uni
78%
Russie
70%
Haïti
69%
Pérou
65%
Japon
58%
Thaïlande
58%
Bhoutan
55%
Arabie Saoudite
53%
République Démocratique du Congo
53%
Botswana
38%
Aucun quiz correspondant
Distribution des résultats
% des personnes avec chaque résultat
Percentile par nombre de réponses
Votre historique - résultats
Vous n’avez pas pris ce quiz